000 00909cab a2200277 4500
001 WB3221-49
008 090401t1996 xxu||||| |||| 00| 0 eng d
035 _a(Sirsi) u14088
041 _aeng
245 _aMidland homeowners `in lurch`
260 _c1996
350 _a0
490 _aBirmingham Post
_v28 May 1996, 1(1)
520 _aThe Highways Agency has turned down every blight notice application from homeowners in the Midlands who claim they were told that homes adjacent to various major road developments would be bought if they were on the market for over six months.
650 _aM6 TOLL
650 _aBLIGHT NOTICES
650 _aDEPRECIATION
650 _aDISCRETIONARY BLIGHT SCHEME
650 _aHIGHWAYS AGENCY
650 _aHINTON STEVEN
650 _aHOUSE VALUES
650 _aMIDLANDS
690 _aTRANSPORT AND COMMUNICATIONS
942 _n0
948 _c04/03/1997
999 _c9137
_d9137